Tự học tin học T.1 Các giải pháp cho người lập trình chuyên nghiệp Visual Basic 4

Gespeichert in:
Bibliographische Detailangaben
1. Verfasser: Nguyễn Tiến
Format: Buch
Veröffentlicht: H. Giáo dục 1997
Schlagworte:
Tags: Tag hinzufügen
Keine Tags, Fügen Sie den ersten Tag hinzu!
Thư viện lưu trữ: Trung tâm Học liệu Lê Vũ Hùng, Trường Đại học Đồng Tháp
LEADER 00720pam a22002178a 4500
001 00017744
005 20171026081022.0
008 110421s1997 ||||||Viesd
020 |c 62000 
041 0 # |a Vie 
082 1 # |a 005.1  |b T550H 
100 0 # |a Nguyễn Tiến 
245 0 0 |c Nguyễn Tiến  |n T.1  |p Các giải pháp cho người lập trình chuyên nghiệp Visual Basic 4  |a Tự học tin học 
260 # # |a H.  |b Giáo dục  |c 1997 
300 # # |a 734 tr.  |c 21 cm. 
653 # # |a Lập trình 
653 # # |a Visual basic 4 
852 # # |b Kho đọc  |j KD.0002951 
852 # # |j KD.0002951 
910 |d 21/04/2011 
980 # # |a Trung tâm Học liệu Lê Vũ Hùng, Trường Đại học Đồng Tháp